[Event "GER-chT U10"]
[Site "Magdeburg"]
[Date "2015.12.28"]
[Round "4.1"]
[White "Kracke, Lukas"]
[Black "Kluehs, Gustaf"]
[Result "0-1"]
[WhiteElo "784"]
[BlackElo "1129"]
[PlyCount "84"]
[EventDate "2015.12.27"]
[EventType "team-swiss"]
[EventRounds "7"]
[EventCountry "GER"]
[SourceTitle "EXT 2017"]
[Source "ChessBase"]
[SourceDate "2016.10.25"]
[SourceVersion "1"]
[SourceVersionDate "2016.10.25"]
[SourceQuality "1"]
[WhiteTeam "Goettingen Rochade II"]
[BlackTeam "Berlin Nord Ost II"]
[WhiteTeamCountry "GER"]
[BlackTeamCountry "GER"]

1. e4 c5 2. Nf3 Nc6 3. d4 cxd4 4. Nxd4 Nf6 5. Nxc6 bxc6 6. Nc3 g6 7. e5 Ng8 8. b3 Bg7 9. Bb2 Bxe5 10. Qd3 Bg7 11. Qf3 Nf6 12. Ne4 Bb7 13. Qf4 d5 14. Nxf6+ Bxf6 15. Bxf6 exf6 16. Qe3+ Qe7 17. Qxe7+ Kxe7 18. 0-0-0 Rhe8 19. Bd3 Kf8 20. h4 h5 21. f3 f5 22. g4 fxg4 23. fxg4 hxg4 24. Rhg1 f5 25. Rgf1 Ke7 26. h5 gxh5 27. Rxf5 Ba6 28. Rf2 Kd6 29. Bg6 Re2 30. Rf6+ Re6 31. Rf5 Rxg6 32. Rxh5 Rf8 33. Rh7 Rf1 34. Rxf1 Bxf1 35. Rxa7 g3 36. b4 g2 37. c4 Bxc4 38. b5 g1Q+ 39. Kc2 Qxa7 40. bxc6 Rg3 41. c7 Qf2+ 42. Kd1 Rg1# 0-1

[Event "GER-chT U10"]
[Site "Magdeburg"]
[Date "2015.12.28"]
[Round "3.1"]
[White "Niemann, Leon Pascal"]
[Black "Kracke, Lukas"]
[Result "1-0"]
[WhiteElo "1090"]
[BlackElo "784"]
[PlyCount "55"]
[EventDate "2015.12.27"]
[EventType "team-swiss"]
[EventRounds "7"]
[EventCountry "GER"]
[SourceTitle "EXT 2017"]
[Source "ChessBase"]
[SourceDate "2016.10.25"]
[SourceVersion "1"]
[SourceVersionDate "2016.10.25"]
[SourceQuality "1"]
[WhiteTeam "Hannover"]
[BlackTeam "Goettingen Rochade II"]
[WhiteTeamCountry "GER"]
[BlackTeamCountry "GER"]

1. c4 e5 2. Nc3 Nc6 3. g3 Nf6 4. Bg2 Bc5 5. Nf3 0-0 6. 0-0 e4 7. Ng5 h6 8. Ngxe4 d6 9. Nxc5 dxc5 10. d3 Re8 11. Bxc6 bxc6 12. b3 Bh3 13. Re1 Ng4 14. f3 Ne5 15. Be3 Ng4 16. Bxc5 Ne3 17. Bxe3 Rxe3 18. Ne4 Qd4 19. Kh1 f5 20. Nf2 g5 21. Nxh3 g4 22. fxg4 fxg4 23. Nf2 Rf8 24. Rf1 Qe5 25. Nxg4 Rxf1+ 26. Qxf1 Qe6 27. Nxe3 Qxe3 28. Qf3 1-0